000
00482nam a2200181Ia 4500
008
090124s9999 xx 000 0 und d
082
_b
3743
100
_a
काणेकर अनंत
245
_a
फांस
250
_a
0
260
_b
देशमुख आणि कंपनी
300
_a
92
600
_a
काणेकर अनंत
630
_a
फांस
700
_a
काणेकर अनंत
730
_a
फांस
942
_c
BOOK
999
_c
84411
_d
84411